Jurassic World the Game All Creatures Quiz - Statistics

General Stats
  • This quiz has been taken 70 times
  • The average score is 78 of 377
Answer Stats
Rarity Class Hybrid? Answer % Correct
Common Herbivore No Triceratops
86%
Common Carnivore No Majungasaurus
69%
Legendary Carnivore No Tyrannosaurus Rex
69%
Super Rare Carnivore No Velociraptor
57%
Star Carnivore No The Spino
54%
Legendary Carnivore Yes Indominus Rex
51%
Super Rare Herbivore No Stegosaurus
51%
Common Carnivore No Utahraptor
51%
Common Herbivore No Argentinosaurus
49%
Common Pterosaur No Alanqa
46%
Rare Carnivore No Allosaurus
46%
Tournament Herbivore No Brachiosaurus
46%
Common Carnivore No Guanlong
46%
Legendary Carnivore Super Indoraptor
46%
Tournament Surface No Mosasaurus
46%
Super Rare Herbivore No Ankylosaurus
43%
VIP Herbivore No Apatosaurus
43%
Rare Carnivore No Carnotaurus
43%
Rare Carnivore No Dilophosaurus
43%
Rare Carnivore No Giganotosaurus
43%
Legendary Pterosaur No Pteranodon
43%
Common Pterosaur No Tropeognathus
43%
Common Carnivore Yes Alangasaurus
40%
Star Carnivore No Blue
40%
Common Herbivore No Bonitasaura
40%
Rare Carnivore No Pyroraptor
40%
Legendary Pterosaur No Dimorphodon
37%
Rare Herbivore No Gallimimus
37%
Common Pterosaur No Hatzegopteryx
37%
Rare Carnivore No Irritator
37%
Common Amphibian No Limnoscelis
37%
Super Rare Pterosaur No Quetzalcoatlus
37%
Star Carnivore No Rexy
37%
Super Rare Herbivore Yes Stegoceratops
37%
VIP Carnivore No Baryonyx
34%
Rare Carnivore Yes Carnoraptor
34%
Star Carnivore No Charlie
34%
Star Carnivore No Delta
34%
Common Amphibian No Diplocaulus
34%
Rare Herbivore No Diplodocus
34%
Legendary Carnivore Super Indoraptor Gen 2
34%
Common Herbivore No Pelecanimimus
34%
Super Rare Carnivore No Spinosaurus
34%
Rare Pterosaur No Tapejara
34%
Super Star Carnivore No The Cerato
34%
Star Carnivore No Toro
34%
Tournament Herbivore No Triceratops Gen 2
34%
Tournament Amphibian No Acanthostega
31%
VIP Carnivore No Acrocanthosaurus
31%
Tournament Carnivore No Albertosaurus
31%
Star Carnivore No Beta
31%
Rare Herbivore No Corythosaurus
31%
Legendary Carnivore No Dimetrodon
31%
Star Carnivore No Doe
31%
Star Carnivore No Echo
31%
Tournament Carnivore No Gorgosaurus
31%
Legendary Carnivore Yes Indominus Rex Gen 2
31%
Common Amphibian No Labyrinthodontia
31%
Rare Carnivore No Monolophosaurus
31%
Rare Herbivore No Pachycephalosaurus
31%
Super Rare Herbivore No Parasaurolophus
31%
Common Pterosaur Yes Pelecanipteryx
31%
Super Rare Carnivore No Rajasaurus
31%
Legendary Amphibian No Sarcosuchus
31%
Tournament Cavern No Titanoboa
31%
Common Herbivore No Tuojiangosaurus
31%
Rare Carnivore No Tyrannotitan
31%
Star Herbivore No Bumpy
29%
VIP Carnivore No Concavenator
29%
Super Rare Amphibian No Kaprosuchus
29%
Common Herbivore Yes Labyrinthosaurus
29%
Tournament Carnivore No Megalosaurus
29%
Tournament Surface No Mosasaurus Gen 2
29%
Rare Amphibian No Nundasuchus
29%
Rare Carnivore No Ophiacodon
29%
Legendary Carnivore No Ostafrikasaurus
29%
Tournament Carnivore Yes Scorpios Rex
29%
Legendary Herbivore No Shunosaurus
29%
Tournament Snow No Smilodon
29%
Tournament Herbivore No Stegosaurus Gen 2
29%
Legendary Herbivore No Therizinosaurus
29%
Super Rare Carnivore No Velociraptor Gen 2
29%
VIP Herbivore No Ankylosaurus Gen 2
26%
VIP Savannah No Brontotherium
26%
Star Carnivore No Buck
26%
Tournament Carnivore No Ceratosaurus
26%
Common Pterosaur No Coloborhynchus
26%
Tournament Amphibian No Deinosuchus
26%
Super Rare Snow No Deinotherium
26%
Tournament Herbivore No Dodo
26%
Super Rare Surface No Elasmosaurus
26%
Common Pterosaur Yes Limnorhynchus
26%
Legendary Surface No Megalodon
26%
Legendary Surface No Plesiosaurus
26%
Super Rare Amphibian No Postosuchus
26%
VIP Amphibian No Prestosuchus
26%
VIP Pterosaur No Pterodactylus
26%
Rare Pterosaur No Rhamphorhynchus
26%
Tournament Carnivore Yes Scorpios Rex Gen 2
26%
Tournament Herbivore No Segnosaurus
26%
Tournament Carnivore No Spinosaurus Gen 2
26%
Legendary Herbivore No Suchomimus
26%
VIP Carnivore No Tarbosaurus
26%
Tournament Snow No Woolly Mammoth
26%
Tournament Carnivore Yes Yudon
26%
Tournament Carnivore Yes Allonogmius
23%
Tournament Herbivore No Amargasaurus
23%
Super Rare Herbivore Yes Ankylodocus
23%
Tournament Reef No Archelon
23%
Legendary Carnivore No Compsognathus
23%
Tournament Carnivore No Cryolophosaurus
23%
Super Rare Cave No Dakosaurus
23%
Tournament Carnivore No Deinonychus
23%
Tournament Cavern Yes Dilophoboa
23%
Rare Amphibian Super Diplosuchus
23%
Rare Amphibian Yes Diplotator
23%
Rare Pterosaur No Dsungaripterus
23%
Legendary Cave No Dunkleosteus
23%
Super Rare Savannah No Entelodon
23%
Tournament Herbivore No Erlikosaurus
23%
Super Rare Herbivore No Euoplocephalus
23%
Tournament Herbivore No Fukuisaurus
23%
Tournament Carnivore No Giganotosaurus Gen 2
23%
Tournament Amphibian No Gryposuchus
23%
Legendary Amphibian No Ichthyostega
23%
Tournament Snow No Mastodon
23%
Legendary Snow No Megaloceros
23%
Tournament Cavern No Megatherium
23%
Tournament Carnivore No Metriacanthosaurus
23%
Tournament Pterosaur Yes Metriaphodon
23%
Super Rare Herbivore Super Monostegotops
23%
Rare Herbivore No Nasutoceratops
23%
Rare Amphibian Yes Nundagosaurus
23%
Boss Carnivore No Omega 09
23%
Rare Herbivore Yes Pachyceratops
23%
Tournament Carnivore Yes Pachygalosaurus
23%
Tournament Herbivore No Pachyrhinosaurus
23%
Star Carnivore No Panthera
23%
Common Pterosaur Super Pelecachtylus
23%
Legendary Amphibian No Prionosuchus
23%
Tournament Pterosaur No Pteranodon Gen 2
23%
VIP Pterosaur No Quetzalcoatlus Gen 2
23%
Legendary Carnivore Yes Rajastega
23%
Star Carnivore No Red
23%
Tournament Herbivore No Sinoceratops
23%
Super Rare Carnivore Yes Spinoraptor
23%
Tournament Herbivore No Struthiomimus
23%
VIP Herbivore No Stygimoloch
23%
Super Rare Carnivore Yes Suprannotitan
23%
Tournament Carnivore No Troodon
23%
VIP Surface No Tylosaurus
23%
VIP Herbivore No Wuerhosaurus
23%
Super Rare Cave No Xiphactinus
23%
Tournament Carnivore No Yutyrannus
23%
Super Rare Pterosaur No Aerotitan
20%
Tournament Herbivore No Antarctopelta
20%
Tournament Herbivore No Aquilops
20%
Tournament Pterosaur No Darwinopterus
20%
Tournament Herbivore No Deinocheirus
20%
Tournament Carnivore No Dilophosaurus Gen 2
20%
Rare Carnivore Super Dimetrocarnus
20%
Super Rare Cavern No Doedicurus
20%
Tournament Carnivore No Dracovenator
20%
Tournament Herbivore No Edmontosaurus
20%
Super Rare Savannah No Elasmotherium
20%
VIP Herbivore No Eolambia
20%
VIP Pterosaur No Eudimorphodon
20%
Tournament Savannah No Gastornis
20%
Star Carnivore No Ghost
20%
Legendary Cavern No Glyptodon
20%
Super Rare Surface No Helicoprion
20%
Tournament Herbivore No Iguanodon
20%
Tournament Amphibian No Kaprosuchus Gen 2
20%
Tournament Herbivore No Kentrosaurus
20%
Legendary Amphibian Yes Koolasaurus
20%
Rare Amphibian No Koolasuchus
20%
Legendary Reef No Kronosaurus
20%
Legendary Reef No Liopleurodon
20%
Super Rare Carnivore Yes Metrialong
20%
Legendary Amphibian No Microposaurus
20%
Super Star Surface No Mosasaurus Rebirth
20%
Tournament Herbivore No Nodosaurus
20%
Rare Herbivore Yes Ophiacomimus
20%
Legendary Amphibian Yes Ostaposaurus
20%
VIP Carnivore No Oviraptor
20%
Tournament Herbivore No Parasaurolophus Gen 2
20%
Legendary Carnivore Yes Priotrodon
20%
Super Rare Surface No Prognathodon
20%
Super Rare Reef No Protostega
20%
Tournament Herbivore Yes Segnosuchus
20%
Tournament Herbivore Yes Spinoceratops
20%
Legendary Surface No Styxosaurus
20%
Super Rare Herbivore No Supersaurus
20%
VIP Carnivore No Tanycolagreus
20%
Rare Pterosaur Yes Tapejalocephalus
20%
VIP Snow No Thylacosmilus
20%
Legendary Carnivore No Tyrannosaurus Rex Gen 2
20%
Legendary Herbivore No Unaysaurus
20%
Tournament Snow No Woolly Rhino
20%
Tournament Herbivore No Zalmoxes
20%
Legendary Cave No Ammonite
17%
Super Rare Cavern No Amphicyon
17%
Legendary Cavern No Andrewsarchus
17%
VIP Pterosaur No Anurognathus
17%
Tournament Snow No Arctodus
17%
Tournament Herbivore No Australotitan
17%
Star Carnivore No Big Eatie
17%
Tournament Cavern No Carbonemys
17%
Tournament Carnivore Yes Cerazinosaurus
17%
Tournament Carnivore Yes Compsovenator
17%
Tournament Amphibian No Diploceraspis
17%
Tournament Herbivore No Dracorex
17%
Tournament Herbivore No Dreadnoughtus
17%
Tournament Surface Yes Dunkleosaurus
17%
Tournament Herbivore No Einiosaurus
17%
Legendary Cavern No Eremotherium
17%
Tournament Carnivore Yes Erliphosaurus
17%
Tournament Amphibian No Eryops
17%
Super Rare Cave No Geosaurus
17%
Super Rare Herbivore Yes Giganocephalus
17%
Tournament Carnivore Yes Glythronax
17%
Tournament Amphibian Yes Gorgosuchus
17%
VIP Surface No Hainosaurus
17%
VIP Reed No Henodus
17%
VIP Cavern No Hyaenodon
17%
Tournament Carnivore No Irritator Gen 2
17%
Tournament Savannah No Kelenken
17%
Legendary Cave No Leedsichthys
17%
Star Carnivore No Little Eatie
17%
Tournament Carnivore No Lythronax
17%
Legendary Snow No Marsupial Lion
17%
VIP Amphibian No Mastodonsaurus
17%
Tournament Amphibian Super Megalocevia
17%
Super Rare Amphibian No Metriorhynchus
17%
Legendary Reef No Pliosaurus
17%
VIP Savannah No Procoptodon
17%
Tournament Pterosaur Yes Pteraquetzal
17%
Tournament Herbivore No Rodrigues Solitaire
17%
Boss Amphibian No Salamander 16
17%
Legendary Pterosaur No Scaphognathus
17%
Tournament Carnivore No Secodontosaurus
17%
Tournament Herbivore No Sonorasaurus
17%
Rare Pterosaur Yes Tapejalosaurus
17%
Star Carnivore No The Big One
17%
Legendary Savannah No Uintatherium
17%
Legendary Herbivore Yes Unayrhynchus
17%
Tournament Pterosaur Yes Zalmonodon
17%
Super Rare Pterosaur No Zhejiangopterus
17%
Super Rare Savannah No Archaeotherium
14%
Tournament Herbivore Yes Armormata
14%
Tournament Amphibian No Bageherpeton
14%
Tournament Amphibian Yes Bagehesaurus
14%
Tournament Herbivore No Bajadasaurus
14%
Star Carnivore No Blonde Becky
14%
Tournament Pterosaur No Cearadactylus
14%
Tournament Herbivore Yes Dracoceratops
14%
Tournament Herbivore No Dracorex Gen 2
14%
Tournament Carnivore No Edaphosaurus
14%
Tournament Surface No Edestus
14%
Tournament Pterosaur No Geosternbergia
14%
Super Rare Herbivore Super Gigakylocephalus
14%
Tournament Herbivore No Homalocephale
14%
Tournament Savannah Yes Mammotherium
14%
Tournament Carnivore No Masiakasaurus
14%
Super Rare Surface No Mauisaurus
14%
Tournament Surface Yes Megarchelon
14%
Super Rare Cavern No Megistotherium
14%
VIP Cavern No Meiolania
14%
VIP Amphibian No Metoposaurus
14%
Tournament Pterosaur No Nyctosaurus
14%
VIP Cave No Orthacanthus
14%
Super Rare Herbivore Yes Parasaura
14%
VIP Surface No Plotosaurus
14%
VIP Carnivore No Proceratosaurus
14%
VIP Pterosaur No Pterodaustro
14%
VIP Reef No Rhomaleosaurus
14%
Tournament Carnivore No Rinchenia
14%
Super Rare Snow No Sarkastodon
14%
Tournament Pterosaur Yes Secodontognathus
14%
Tournament Carnivore No Sinosauropteryx
14%
Tournament Herbivore No Styracosaurus Lux
14%
Legendary Pterosaur Yes Suchoripterus
14%
Super Rare Snow No Synthetoceras
14%
Tournament Herbivore No Therizinosaurus Gen 2
14%
Super Rare Pterosaur Yes Tropeogopterus
14%
Tournament Pterosaur No Tupandactylus
14%
VIP Cave No Tusoteuthis
14%
Tournament Snow No Ailurarctos
11%
Legendary Cavern Yes Andrewtherium
11%
Star Carnivore No Brunette
11%
Tournament Snow No Cervalces
11%
Tournament Carnivore Yes Chromaspinus
11%
Super Rare Cave Yes Dakoderma
11%
Tournament Herbivore No Diabloceratops
11%
Tournament Amphibian No Diplocaulus Gen 2
11%
Legendary Snow No Diprotodon
11%
Tournament Herbivore Yes Draco Lux
11%
Super Rare Cave Yes Geolasmosaurus
11%
VIP Amphibian No Gerrothorax
11%
VIP Cave No Giant Orthocone
11%
Tournament Cave No Gillicus
11%
Tournament Cavern Super Hydraboa
11%
Legendary Cavern No Hyneria
11%
Tournament Herbivore Yes Iguanosuchus
11%
Legendary Savannah Yes Indricoceros
11%
Legendary Savannah No Indricotherium
11%
Boss Herbivore No Juggernaut 32
11%
Legendary Surface No Kaiwhekea
11%
Super Rare Reef No Leptocleidus
11%
Super Rare Reef Yes Leptostega
11%
Tournament Pterosaur No Ornithocheirus
11%
Tournament Amphibian No Pederpes Lux
11%
Legendary Savannah No Phorusrhacos
11%
Tournament Pterosaur No Preondactylus
11%
Tournament Snow Yes Rhinoprotodon
11%
Tournament Herbivore No Scelidosaurus
11%
Tournament Amphibian No Seymouria
11%
Tournament Snow Yes Smithetoceras
11%
Super Rare Carnivore Super Spinotasuchus
11%
Tournament Cave No Suchodus
11%
Tournament Pterosaur No Thalassodromeus
11%
Tournament Pterosaur No Tupuxuara
11%
Tournament Carnivore Yes Tyrannolophosaur
11%
Tournament Reef No Umoonasaurus
11%
Boss Pterosaur No Valkyrie 77
11%
Super Rare Surface Yes Xinathodon
11%
Tournament Pterosaur No Arambourgiania
9%
Super Rare Cave No Baculites
9%
Tournament Cave No Bananogmius
9%
Tournament Pterosaur Yes Cryolobourgiania
9%
Legendary Savannah Yes Entelorhacos
9%
Tournament Cavern No Gigantophis
9%
Legendary Reef No Hauffiosaurus
9%
Tournament Pterosaur Yes Kaprodacthylus
9%
Tournament Herbivore No Koreanosaurus
9%
Star Carnivore No Leucistic Baryonyx
9%
Tournament Reef No Opthalmosaurus
9%
VIP Cavern No Panochthus
9%
Tournament Surface No Platecarpus
9%
Tournament Cave No Plesiosuchus
9%
Tournament Amphibian No Proterogyrinus
9%
Super Rare Reef No Psephoderma
9%
Tournament Carnivore No Sphenacodon
9%
Tournament Herbivore No Stegouros
9%
Tournament Reef No Temnodontosaurus
9%
Tournament Savannah No Urtinotherium
9%
Tournament Herbivore No Yuxisaurus
9%
Boss Carnivore No Alpha 06
6%
Super Rare Cavern Yes Archaeophicyon
6%
Tournament Herbivore No Borealopelta
6%
Boss Herbivore No Death Dodo
6%
Super Rare Reef No Dolichorhynchops
6%
Tournament Snow No Eucladoceras
6%
Tournament Reef Yes Gillirhynchops
6%
Tournament Reef No Goronyosaurus
6%
Legendary Cavern Yes Hynecoprion
6%
Legendary Cave Yes Liosichtodon
6%
Super Rare Cavern Yes Megistocurus
6%
Tournament Pterosaur No Monkeydactyl
6%
Boss Carnivore No Mortem Rex
6%
Tournament Snow No Mylodon
6%
Super Rare Surface No Onchopristis
6%
Tournament Amphibian Yes Opthaceraspis
6%
VIP Reef No Platypterygius
6%
Legendary Cavern No Rhizodus
6%
Super Rare Reef No Trinacromerum
6%
Tournament Herbivore No Tsintaosaurus
6%
Boss Reef No Akupara 81
3%
Tournament Surface No Barracudasaurus
3%
Boss Savannah No Behemoth 93
3%
Boss Surface No Colossus 04
3%
Boss Amphibian No Imperatosuchus
3%
Boss Cave No Kraken 18
3%
Boss Herbivore No Vulcan 19
3%
Boss Snow No Maelstrom 08
0%
Boss Cavern No Ouroboros 66
0%
Boss Pterosaur No Phoenix 44
0%
No matching quizzes found
Score Distribution
Percent of People with Each Score
Percentile by Number Answered
Your Score History
You have not taken this quiz